Music Quiz

Random Music Quiz

Early Modern Music History II Quiz Stats

 Plays Quiz not verified by Sporcle

Challenge
Share
Tweet
Embed
Score 0/58 Timer 20:00
0 Plays Today
Hint Answer % Correct
One of the types of early approaches to jazz. (2)Dixieland Jazz
100%
Predominant texture in jazz (Chicago and New Orleans).Heterophony
100%
The instrument that Joe 'King' Oliver played.Cornet
100%
The nicknames given to Louis Armstrong. (2)Satchmo
100%
Darius Milhaud was a member of this group of French composers.Les Six
100%
Composer of 'Rhapsody in Blue'.George Gershwin
100%
Notes that are ambiguously part of either the major or minor chord.Blue Notes
80%
One of the types of early approaches to jazz. (1)New Orleans Jazz
80%
One of the types of early approaches to jazz. (3)Chicago Jazz
80%
City alderman who drafted legislation that limited legislation to one particular type of town.Sidney Story
80%
Types of musical performers common in Storyville venues. (1)Solo piano
80%
The nicknames given to Louis Armstrong. (1)Dippermouth
80%
Milhaud incorporated Jazz and Swing rhythms into this piece.The Creation Of The World
80%
The main theater district of New York.Broadway
80%
Nickname of the street that dominated American popular music from the 1880s to the 1950s.Tin Pan Alley
80%
The first known jazz recording.Livery Stable Blues
60%
The clarinetist for Joe King Oliver's Creole Jazz Band.Johnny Dodds
60%
The trombonist for Joe King Oliver's Creole Jazz Band.Honoré Dutry
60%
The drummer for Joe King Oliver's Creole Jazz Band.Warren 'Baby' Dodds
60%
The banjo player for Joe King Oliver's Creole Jazz Band.Bill Johnson
60%
The pianist player for Joe King Oliver's Creole Jazz Band.Lil Hardin
60%
The composer of the works 'Babes in Toyland' and 'Naughty Marietta'.Victory Herbert
60%
The main theater district of London.The West End
60%
Vaudeville stars that In Dahomey intended to showcase. (1)Bert Williams
60%
Composer who sued after hearing his song 'Sweethearts' played in a restaurant.Victor Herbert
60%
Composer for the film 'The Fall of a Nation'.Victor Herbert
60%
English composer and member of the English Folk society who collected folksongs for the military.George Butterworth
60%
First woman winner of the Prix de Rome.Lili Boulanger
60%
Composer of the expressionist opera, 'Wozzeck'.Alban Berg
60%
Hint Answer % Correct
Composer of 'How I Hate To Get Up In The Morning'.Irving Berlin
60%
Types of musical performers common in Storyville venues. (2)Combo
40%
U.S. secretary of war who demanded the closing of Storyville.Newton W. Baker
40%
English composer who experimented with the musical comedy in the last years of the nineteenth century.George Edwardes
40%
The third musical comedy by American composer George Cohan.Little Johnny Jones
40%
Primary composer of 'In Dahomey'.Will Marion Cook
40%
Vaudeville stars that In Dahomey intended to showcase. (2)George Walker
40%
Lead actress in 'In Dahomey'.Aida Overton Walker
40%
The number of follies in Ziegfield's Follies.21
40%
First 'hit' song from an American Revue, from Ziegfield's Follies.Shine On, Harvest Moon
40%
Song from 'The Passing Show' composed for when General Pershing was leading American troops overseas.Goodbye Broadway, Hello France
40%
Composer of 'The Man Who Put The Germ in Germany'.George M. Cohan
40%
Number of piano factories in New York in 1900.130
40%
People hired to demonstrate new music to publishers.Song-Pluggers
40%
Number of extant arrangements of 'Take Me Out To The Ballgame'. 160
40%
Employed a pianist to play alongside their 'Cinématographe'.The Lumière Brothers
40%
First filmmaker to include an original score in their work.Georges Méliès
40%
Composer for the soundtrack of 'The Assassination of the Duke of Guise'.Camille Saint-Saëns
40%
Director of the film 'The Birth of a Nation'.D.W. Griffith
40%
Composer for the film 'The Birth of a Nation'.Carl Breil
40%
Ravel was rejected as a pilot for this reason.He was underweight
40%
The Director of Music for the First Army of the British Expeditionary Force.Ralph Vaughan Williams
40%
This 1905 Viennese opera was used extensively in broad merchandising campaigns.The Merry Widow
20%
Poet and author of the script of 'In Dahomey'.Paul Lawrence Dunbar
20%
Number of songs cataloged with the Catalogue of Copyright Entries' from August 1914-1918.111,973
20%
Lyricist to the song 'Take Me Out To The Ballgame'.Jack Norworth
20%
The song 'Take Me Out To The Ballgame' initially saw popularity in this venue.Movie Theaters
20%
First filmmaker to employ an orchestral soundtrack for his work.Max Skladanowsky
20%
Revue composed by the aforementioned composer in order to raise money for a new community house.Yip, Yip, Yiphank
0%

You're not logged in!

Compare scores with friends on all Sporcle quizzes.
OR
Log In

You Might Also Like...

Show Comments

Extras

Created Jan 22, 2014ReportNominate
Tags:early, extra, modern

Top Quizzes Today


Score Distribution

Your Account Isn't Verified!

In order to create a playlist on Sporcle, you need to verify the email address you used during registration. Go to your Sporcle Settings to finish the process.

Report this User

Report this user for behavior that violates our Community Guidelines.

Details: